Κατάλογος Βιβλιοθηκών Mediterranean College

Comparative International Accounting / Third Edition (Record no. 531)

MARC details
000 -LEADER
fixed length control field 01629cam a22002174a 4500
005 - ΗΜΕΡΟΜΗΝΙΑ ΚΑΙ ΩΡΑ ΤΕΛΕΥΤΑΙΑΣ ΕΝΗΜΕΡΩΣΗΣ
Πεδίο ελέγχου 20250605163938.0
008 - FIXED-LENGTH DATA ELEMENTS--GENERAL INFORMATION
Πεδίο ελέγχου σταθερού μήκους 250528s ||||||||||||||||||||||||d
035 ## - SYSTEM CONTROL NUMBER
System control number 14921
020 ## - ISBN
ISBN 131562908
040 ## - ΠΗΓΗ ΚΑΤΑΛΟΓΟΓΡΑΦΗΣΗΣ
Φορέας πρωτότυπης καταλογογράφησης MC Athens Campus Library
Γλώσσα καταλογογράφησης Ελληνικά, Μοντέρνα (1453-)
Modifying agency MC Athens Campus Library
Κανόνες περιγραφικής καταλογογράφησης AACR2
245 1# - ΤΙΤΛΟΣ ΚΑΙ ΔΗΛΩΣΗ ΥΠΕΥΘΥΝΟΤΗΤΑΣ
Τίτλος Comparative International Accounting / Third Edition
250 ## - EDITION STATEMENT
Edition statement 3rd
260 ## - PUBLICATION, DISTRIBUTION, ETC.
Name of publisher, distributor, etc. Prentice Hall,
Date of publication, distribution, etc. 1991
300 ## - PHYSICAL DESCRIPTION
Extent 524
520 ## - SUMMARY, ETC.
Summary, etc. A comprehensive text on international financial reporting and multinational financial management. Preface and Introduction, Context of International Accounting, Introduction and Causes of Differences, Major International Differences in Financial Reporting, International Classification of Financial Reporting, Regulating Financial Reporting in the United Kingdom and the United States and Australia and Canada, Harmonization of Financial Accounting, Country Studies, Financial Reporting in North America, Financial Reporting in the United Kingdom and Australia, Financial Reporting in France, Financial Reporting in Germany, Financial Reporting in the Netherlands, Financial Reporting in Japan, Financial Reporting in Developing Countries, Issues in International Accounting, Consolidation, Foreign Currency Translation, Segment Reporting, Inflation Accounting, International Financial Analysis, Multinationals and Financial Control, The Nature and Growth of MNEs, Foreign Exchange Risk Management, Classification and Harmonization of Corporate Income Taxes, International Transfer Pricing, Index.
700 1# - ΠΡΟΣΘΕΤΗ ΑΝΑΓΡΑΦΗ--ΦΥΣΙΚΟ ΠΡΟΣΩΠΟ
Personal name Nobes Christopher
9 (RLIN) 726
700 1# - ΠΡΟΣΘΕΤΗ ΑΝΑΓΡΑΦΗ--ΦΥΣΙΚΟ ΠΡΟΣΩΠΟ
Personal name Parker Robert
9 (RLIN) 727
942 ## - ADDED ENTRY ELEMENTS (KOHA)
Koha item type Books
Holdings
Τύπος τεκμηρίου Βιβλιοθήκη Τρέχουσα τοποθεσία Barcode Αριθμός εισαγωγής Ημερομηνία απόκτησης Ταξιθετικό σύμβολο Αριθμός αντιτύπου Κατάσταση απόσυρσης Κατάσταση χαμένου Κατάσταση κατεστραμμένου Μη δανεισμός Σύνολο δανεισμών Ημερομηνία τελευταίας εμφάνισης Η τιμή ισχύει από
Books MC Athens Campus Library MC Athens Campus Library 9780000005304 1145 05/06/2025 657.48 NOB 1           05/06/2025 05/06/2025

MC Athens Campus Library
Πατησίων 94 & Κοδριγκτώνος 13, 104 34
Πελλήνης 8 & Πατησίων 107, 112 51
Τ: +30 210 8899600

MC Thessaloniki Campus Library
Ίωνος Δραγούμη 21, 54625 | Ίωνος Δραγούμη 15, 54625
Τ: +30 2310 287779 – Τ: +30 2314 440300